Best Episodes of Parks and Recreation - Statistics

General Stats
  • This quiz has been taken 15 times
    12 since last reset
  • The average score is 3 of 5
Answer Stats
Season Episode Rating Description Episode % Correct
7 12 9.5 As the team gathers one final time before they go their separate ways, we look 10 years into the future for each team member. One Last Ride
73%
7 4 9.5 The gang locks Leslie and Ron in the old Parks Department office overnight and force them to settle their differences and end their feud. Leslie and Ron
64%
4 22 9.0 It's election day for Leslie, and Ben is contemplating an offer to help work on a campaign in Washington. Meanwhile, Andy tries to help April rescue the files she deleted from the Parks Department computers. Win, Lose or Draw
55%
5 14 9.2 The clock is ticking -- Leslie and Ben have two hours to complete a years-long project. Meanwhile, Ron gets in trouble when his temper gets the best of him. Leslie and Ben
45%
6 22 9.2 During the Unity Concert, Leslie invites some coworkers to join her at her new job in Chicago, while Andy thinks about reuniting Mouse Rat. Meanwhile, Tom's Bistro prepares for the Unity Concert after-party. Moving Up: Part 2
45%
No matching quizzes found
Score Distribution
Percent of People with Each Score
Percentile by Number Answered
Your Score History
You have not taken this quiz since the last reset